| 000 | 01031nam a22002417a 4500 | ||
|---|---|---|---|
| 003 | JO-AjAnu | ||
| 005 | 20240327105740.0 | ||
| 008 | 240327b jo ||||| |||| 00| 0 ara d | ||
| 040 |
_aJO-AjAnu _cJO-AjAnu |
||
| 041 | 0 | _aara | |
| 050 |
_aBP173.758 _b2023 |
||
| 100 | 1 |
_aأبو غدة، عبد الستار _913404 _eمعد |
|
| 245 | 1 |
_aفتاوي التأمين الاسلامي، الجزء الاول / _cاعداد عبد الستار ابو غدة، ...[واخرون] |
|
| 260 |
_aعمان : _bشركة التأمين الاسلامية، _c2005 |
||
| 300 | _a154صفحة | ||
| 500 | _aالجزء الاول | ||
| 650 | 7 | 0 |
_aفتاوي - الاقتصاد - التامين - الاسلام - شركات التامين - الفقه الاسلامي _965167 |
| 700 | 1 |
_aأبو غدة، عبد الستار _913404 _eمعد |
|
| 700 | 1 |
_aالسرطاوي، محمود _965171 _eمعد |
|
| 700 | 1 |
_aالصوا، علي محمد _965172 _eمعد |
|
| 700 | 1 |
_aملحم، أحمد سالم _914928 _eمعد |
|
| 942 |
_2lcc _cBK _n0 |
||
| 999 |
_c33366 _d33366 |
||